| 000 | 00631nam a2200181 4500 | ||
|---|---|---|---|
| 005 | 20241217103525.0 | ||
| 008 | 221212b ||||| |||| 00| 0 eng d | ||
| 020 | _a9780357048191 | ||
| 082 | _aDC 658.3 D416 2020 | ||
| 100 |
_aDeNisi, Angelo. _946981 |
||
| 245 |
_aHR5 : _bhuman resources / _cAngelo DeNisi and Ricky W. Griffin. |
||
| 260 |
_aAustralia : _bCengage Learning Inc., _c©2020. |
||
| 300 |
_aix, 404 pages : _billustrations ; _c28 cm. _e1 compact disc. |
||
| 500 | _aIncludes bibliography and index. | ||
| 650 |
_aPersonnel management. _946982 |
||
| 700 |
_aGriffin, Ricky W. _eauthor. _946983 |
||
| 942 |
_2ddc _cDC |
||
| 999 |
_c17698 _d17698 |
||